Una investigación sobre la historia de los precios y salarios en Rio de Janeiro /
Сохранить в:
| Главный автор: | |
|---|---|
| Формат: | Текст |
| Предметы: | |
| Метки: |
Добавить метку
Нет меток, Требуется 1-ая метка записи!
|
MARC
| LEADER | 00000 a a2200000 04500 | ||
|---|---|---|---|
| 001 | 42554 | ||
| 003 | |||
| 040 | |||
| 100 | |a Lobo, Eulalia Maria | ||
| 245 | |a Una investigación sobre la historia de los precios y salarios en Rio de Janeiro / |c Eulalia María Lobo | ||
| 650 | |a PRECIOS | ||
| 650 | |a SALARIOS | ||
| 650 | |a ALIMENTOS | ||
| 650 | |a BRASIL | ||
| 773 | |g volumen1, número2 ( , 1972), Páginas 143-155 | ||
| 999 | |c 35854 |d 35854 | ||
| 773 | 0 | |0 18875 |9 5536 |a Universidad de Costa Rica. |d San José, Costa Rica: Universidad de Costa Rica. Consejo Superior Universitario Centroamericano, 1972- |o 13786 |t Estudios Sociales Centroamericanos / |x 03039676 | |
